[Event "Clusane op 1st"]
[Site "Clusane"]
[Date "2024.03.02"]
[Round "4"]
[White "Centamore, Alberto"]
[Black "Urbani, Gabriel"]
[Result "1/2-1/2"]
[WhiteElo "2153"]
[BlackElo "2220"]
[PlyCount "130"]
[EventDate "2024.02.29"]
[EventType "swiss"]
[EventRounds "7"]
[EventCountry "ITA"]
[SourceTitle "CB11_2024"]
[SourceDate "2024.03.13"]
[SourceVersion "1"]
[SourceVersionDate "2024.03.13"]
[SourceQuality "1"]

1. e4 e5 2. Nf3 Nc6 3. Bc4 Bc5 4. b4 Bxb4 5. c3 Ba5 6. d4 exd4 7. Qb3 Qe7 8. 0-0 Bb6 9. cxd4 Nxd4 10. Nxd4 Bxd4 11. Nc3 Nf6 12. Rd1 Be5 13. f4 Qc5+ 14. Kh1 Ng4 15. h3 Nf2+ 16. Kh2 Nxd1 17. Bxf7+ Kd8 18. Nd5 Qf8 19. fxe5 Qxf7 20. Bg5+ Ke8 21. Nxc7+ Kf8 22. Qb4+ Kg8 23. Rxd1 h6 24. Be3 a5 25. Qc5 Rb8 26. Qa7 Qh5 27. Rd5 Qe2 28. Qxb8 Qxe3 29. Qxc8+ Kh7 30. Qxd7 Qf4+ 31. Kg1 Qe3+ 32. Kh1 Qxe4 33. Ne6 Rg8 34. Qf7 Kh8 35. Qf3 Qb1+ 36. Rd1 Qxa2 37. Qd5 Qe2 38. Nf4 Qc2 39. Qd3 Qxd3 40. Rxd3 Re8 41. Rd5 Ra8 42. e6 Kg8 43. Rf5 Re8 44. Rxa5 g5 45. Nd5 Rxe6 46. Rb5 Rd6 47. Ne7+ Kf7 48. Rxb7 Kf6 49. Nc8 Rd1+ 50. Kh2 h5 51. Rb4 Rd3 52. Nb6 Kf5 53. g4+ Kg6 54. Nc4 Rc3 55. Rb6+ Kg7 56. Ne5 Rc2+ 57. Kg1 Rc1+ 58. Kf2 Rc2+ 59. Ke1 Rh2 60. Rg6+ Kh7 61. Rxg5 Rxh3 62. gxh5 Kh6 63. Nf7+ Kh7 64. h6 Re3+ 65. Kd2 Rd3+ 1/2-1/2

[Event "Clusane op 1st"]
[Site "Clusane"]
[Date "2024.03.01"]
[Round "2"]
[White "Jakovljevic, Vlado"]
[Black "Urbani, Gabriel"]
[Result "1-0"]
[WhiteElo "2356"]
[BlackElo "2220"]
[PlyCount "119"]
[EventDate "2024.02.29"]
[EventType "swiss"]
[EventRounds "7"]
[EventCountry "ITA"]
[SourceTitle "CB11_2024"]
[SourceDate "2024.03.13"]
[SourceVersion "1"]
[SourceVersionDate "2024.03.13"]
[SourceQuality "1"]

1. Nf3 d5 2. d4 Nf6 3. c4 e6 4. Nc3 dxc4 5. e3 a6 6. Bxc4 b5 7. Bb3 Bb7 8. 0-0 Be7 9. Qe2 c5 10. Rd1 Nbd7 11. e4 b4 12. e5 bxc3 13. exf6 Nxf6 14. Ba4+ Kf8 15. bxc3 Qc7 16. c4 h5 17. h3 Ne4 18. Bb2 Rh6 19. Bc2 Ng5 20. Nxg5 Bxg5 21. Be4 cxd4 22. Bxd4 Kg8 23. Rab1 Bxe4 24. Qxe4 Rd8 25. Be5 Rxd1+ 26. Rxd1 Qc8 27. Rb1 f5 28. Qd4 Bf6 29. c5 Kh7 30. Rb6 Qc7 31. Rxe6 Bxe5 32. Qxe5 Qxe5 33. Rxe5 f4 34. Rf5 Rc6 35. Rxh5+ Kg6 36. Rd5 Kf7 37. Rf5+ Ke6 38. Rxf4 Rxc5 39. Ra4 a5 40. h4 Kf5 41. g4+ Kf6 42. h5 Kg5 43. Kg2 Kh4 44. Kf3 Rb5 45. Kf4 Rc5 46. f3 Rb5 47. Re4 Rb2 48. Kf5 Kg3 49. Kg6 Rxa2 50. Kxg7 Kxf3 51. Rc4 Rb2 52. h6 Rb7+ 53. Kg6 Rb6+ 54. Kh5 Rb7 55. g5 Rd7 56. Rc5 a4 57. Ra5 a3 58. Rxa3+ Kf4 59. Ra4+ Kf5 60. Ra1 1-0

[Event "Palmanova op 12th"]
[Site "Palmanova"]
[Date "2023.12.09"]
[Round "2"]
[White "Mazzi, Leonardo"]
[Black "Urbani, Gabriel"]
[Result "0-1"]
[WhiteElo "1612"]
[BlackElo "2205"]
[PlyCount "70"]
[EventDate "2023.12.08"]
[EventType "swiss"]
[EventRounds "5"]
[EventCountry "ITA"]
[SourceTitle "CB50_2023"]
[SourceDate "2023.12.13"]
[SourceVersion "1"]
[SourceVersionDate "2023.12.13"]
[SourceQuality "1"]

1. e4 e5 2. Nf3 Nc6 3. Bc4 Bc5 4. c3 Nf6 5. d3 d6 6. Nbd2 a5 7. h3 Ba7 8. Nf1 h6 9. Ng3 0-0 10. 0-0 Be6 11. Bb5 Ne7 12. Re1 Ng6 13. d4 c6 14. Bd3 Re8 15. Be3 Qc7 16. Qc1 Kh7 17. Bc2 Bb6 18. a4 Rad8 19. b4 Qc8 20. Nf5 Ng8 21. Kh1 axb4 22. cxb4 d5 23. dxe5 Bc7 24. Nd6 Bxd6 25. exd6 Rxd6 26. Qb1 Bxh3 27. gxh3 Qxh3+ 28. Nh2 Re5 29. exd5 Rh5 30. Kg1 Qxh2+ 31. Kf1 Rhxd5 32. a5 Qh3+ 33. Ke2 Qg4+ 34. Kf1 Rh5 35. f4 Qf3+ 0-1

[Event "Lignano Bella Italia op 2nd"]
[Site "Lignano Sabbiadoro"]
[Date "2023.08.17"]
[Round "1"]
[White "Urbani, Gabriel"]
[Black "Fetiveau, Arthur"]
[Result "1-0"]
[WhiteElo "2216"]
[BlackElo "2039"]
[PlyCount "81"]
[EventDate "2023.08.17"]
[EventType "swiss"]
[EventRounds "9"]
[EventCountry "ITA"]
[SourceTitle "EXT 2024"]
[Source "ChessBase"]
[SourceDate "2023.10.10"]
[SourceVersion "1"]
[SourceVersionDate "2023.10.10"]
[SourceQuality "1"]

1. e4 c6 2. d4 d5 3. exd5 cxd5 4. Bd3 Nc6 5. c3 g6 6. Bf4 Bf5 7. Nf3 Nf6 8. Ne5 Bxd3 9. Nxd3 Bg7 10. h3 0-0 11. Nd2 Nd7 12. Nf3 f6 13. Qb3 Nb6 14. 0-0 Qc8 15. Rfe1 Kh8 16. Re2 e5 17. dxe5 fxe5 18. Bxe5 Rxf3 19. Bxg7+ Kxg7 20. gxf3 Qxh3 21. Re3 Rf8 22. f4 Qh4 23. Kg2 Rf7 24. Rae1 Nc4 25. Rg3 Qf6 26. Re2 Qf5 27. Qc2 Rf8 28. Nc5 Qxc2 29. Rxc2 Kg8 30. Rd3 b6 31. Ne6 Rf6 32. Re2 Ne7 33. Nc7 Kf7 34. Rxe7+ Kxe7 35. Nxd5+ Ke6 36. Nxf6 Kxf6 37. b3 Na3 38. Rd7 Nb5 39. Rxh7 Nxc3 40. Rxa7 Kf5 41. Kf3 1-0

[Event "Spilimbergo op 21st"]
[Site "Spilimbergo"]
[Date "2023.08.15"]
[Round "9"]
[White "Urbani, Gabriel"]
[Black "Kolb, Tobias"]
[Result "0-1"]
[WhiteElo "2216"]
[BlackElo "2302"]
[PlyCount "132"]
[EventDate "2023.08.09"]
[EventType "swiss"]
[EventRounds "9"]
[EventCountry "ITA"]
[SourceTitle "CBM 215 Extra"]
[Source "ChessBase"]
[SourceDate "2023.09.30"]
[SourceVersion "1"]
[SourceVersionDate "2023.09.30"]
[SourceQuality "1"]

1. e4 e5 2. Nf3 Nc6 3. Bb5 a6 4. Bxc6 dxc6 5. Nc3 f6 6. d4 exd4 7. Qxd4 Qxd4 8. Nxd4 Bd7 9. Be3 0-0-0 10. 0-0-0 g6 11. Nde2 Nh6 12. f3 Nf7 13. Rd2 b6 14. Rhd1 Bg7 15. b3 Rhe8 16. Bf4 f5 17. exf5 Bxf5 18. Rxd8+ Nxd8 19. Bd2 c5 20. Ng3 Be6 21. Nce4 Nc6 22. Re1 Bf7 23. h4 Bd4 24. Rh1 c4 25. h5 cxb3 26. axb3 a5 27. Ng5 Bg8 28. hxg6 hxg6 29. Rh6 Ne7 30. N3e4 Bg7 31. Rh1 Nd5 32. Nh3 b5 33. Nf4 Nxf4 34. Bxf4 a4 35. bxa4 bxa4 36. Bd2 Bc4 37. Bc3 Bf8 38. Rd1 Re6 39. Rd4 Rc6 40. Kb1 a3 41. Nd2 a2+ 42. Ka1 Bg7 43. Rxc4 Bxc3+ 44. Kxa2 Ra6+ 45. Kb3 Bxd2 46. Re4 Rb6+ 47. Ka4 Kb7 48. Rc4 Rc6 49. Rg4 Bc3 50. Kb3 Kc8 51. g3 Kd7 52. Re4 Bf6 53. c4 Re6 54. Rf4 Re3+ 55. Kc2 Be5 56. Rg4 Rxf3 57. Rg5 Bxg3 58. Rxg6 Be5 59. Kd2 Rg3 60. Ra6 c6 61. Ra4 Kd6 62. Ra8 Kc5 63. Ra4 Kd4 64. Ra6 Rg2+ 65. Ke1 c5 66. Re6 Rc2 0-1

[Event "Spilimbergo op 21st"]
[Site "Spilimbergo"]
[Date "2023.08.11"]
[Round "4"]
[White "Hoefelsauer, Thomas"]
[Black "Urbani, Gabriel"]
[Result "1-0"]
[WhiteElo "2367"]
[BlackElo "2216"]
[PlyCount "81"]
[EventDate "2023.08.09"]
[EventType "swiss"]
[EventRounds "9"]
[EventCountry "ITA"]
[SourceTitle "CBM 215 Extra"]
[Source "ChessBase"]
[SourceDate "2023.09.30"]
[SourceVersion "1"]
[SourceVersionDate "2023.09.30"]
[SourceQuality "1"]

1. Nf3 d5 2. g3 Nf6 3. Bg2 e6 4. 0-0 Be7 5. c4 0-0 6. b3 Nbd7 7. Bb2 b6 8. cxd5 exd5 9. Nd4 Bb7 10. Nf5 Re8 11. Nxe7+ Qxe7 12. e3 Ba6 13. Re1 Ne5 14. Bxe5 Qxe5 15. d4 Qf5 16. Nc3 Rad8 17. Rc1 c5 18. dxc5 bxc5 19. Na4 d4 20. Rxc5 Qd3 21. Qxd3 Bxd3 22. Rcc1 dxe3 23. Rxe3 Rxe3 24. fxe3 Be4 25. Bxe4 Nxe4 26. Nc3 Ng5 27. Nd5 g6 28. Rc8 Rxc8 29. Ne7+ Kf8 30. Nxc8 a6 31. Nd6 Ke7 32. h4 Nh3+ 33. Kg2 Kxd6 34. Kxh3 Kd5 35. Kg4 Ke4 36. Kg5 Kf3 37. b4 Kxg3 38. a4 h6+ 39. Kxh6 Kxh4 40. b5 axb5 41. axb5 1-0

[Event "ITA-ch U20"]
[Site "Tarvisio"]
[Date "2023.07.09"]
[Round "9"]
[White "Lo Presti, Giulio"]
[Black "Urbani, Gabriel"]
[Result "0-1"]
[WhiteElo "2033"]
[BlackElo "2121"]
[PlyCount "38"]
[EventDate "2023.07.02"]
[EventType "swiss"]
[EventRounds "9"]
[EventCountry "ITA"]
[SourceTitle "EXT 2024"]
[Source "ChessBase"]
[SourceDate "2023.10.10"]
[SourceVersion "1"]
[SourceVersionDate "2023.10.10"]
[SourceQuality "1"]

1. e4 e5 2. f4 exf4 3. Nf3 Ne7 4. d4 d5 5. exd5 Nxd5 6. c4 Bb4+ 7. Kf2 Ne3 8. Qa4+ Nc6 9. a3 Ng4+ 10. Kg1 Be1 11. g3 fxg3 12. d5 Bd7 13. Nxe1 Qf6 14. Nd3 Qd4+ 15. Kg2 Qe4+ 16. Kxg3 Qxh1 17. Qc2 Nd4 18. Qg2 Qxg2+ 19. Kxg2 Nb3 0-1

[Event "Bassano del Grappa Vergani Cup"]
[Site "Bassano del Grappa"]
[Date "2023.02.04"]
[Round "6"]
[White "Levesque, Guillaume"]
[Black "Urbani, Gabriel"]
[Result "0-1"]
[WhiteElo "1902"]
[BlackElo "2166"]
[PlyCount "96"]
[EventDate "2023.02.01"]
[EventType "swiss"]
[EventRounds "9"]
[EventCountry "ITA"]
[SourceTitle "CBM 212 Extra"]
[Source "ChessBase"]
[SourceDate "2023.03.31"]
[SourceVersion "1"]
[SourceVersionDate "2023.03.31"]
[SourceQuality "1"]

1. d4 d5 2. c4 e6 3. Nc3 Nf6 4. cxd5 exd5 5. Bg5 Be7 6. e3 0-0 7. Bd3 Nbd7 8. Nge2 c6 9. Qc2 Re8 10. 0-0 g6 11. f3 Nf8 12. Rad1 Ne6 13. Bh4 b5 14. Bf2 Bb7 15. h3 a6 16. e4 Rc8 17. e5 Nh5 18. g4 Nhf4 19. Nxf4 Nxf4 20. Ne2 Nxh3+ 21. Kg2 Nxf2 22. Rxf2 c5 23. Qd2 Bh4 24. Rh1 Qg5 25. Qxg5 Bxg5 26. f4 Be7 27. Kg3 Bf8 28. Rfh2 h6 29. g5 cxd4 30. gxh6 Kh7 31. f5 Rxe5 32. fxg6+ fxg6 33. Nf4 Bd6 34. Bxg6+ Kh8 35. Bh5 Re3+ 36. Kg4 Re4 37. Rf2 Rg8+ 38. Bg6 Bxf4 39. Rxf4 Rxg6+ 40. Kf5 Kh7 41. Rxe4 dxe4 42. Rc1 Kxh6 43. Rc7 Rg7 44. Rc1 Kh7 45. Ke5 d3 46. Kd4 d2 47. Rd1 Rd7+ 48. Ke3 Kg6 0-1

[Event "Bassano del Grappa Vergani Cup"]
[Site "Bassano del Grappa"]
[Date "2023.02.03"]
[Round "5"]
[White "Urbani, Gabriel"]
[Black "Trybus, Daniel"]
[Result "1/2-1/2"]
[WhiteElo "2166"]
[BlackElo "1986"]
[PlyCount "95"]
[EventDate "2023.02.01"]
[EventType "swiss"]
[EventRounds "9"]
[EventCountry "ITA"]
[SourceTitle "CBM 212 Extra"]
[Source "ChessBase"]
[SourceDate "2023.03.31"]
[SourceVersion "1"]
[SourceVersionDate "2023.03.31"]
[SourceQuality "1"]

1. e4 Nf6 2. e5 Nd5 3. d4 g6 4. Nf3 Bg7 5. Bc4 Nb6 6. Bb3 d5 7. 0-0 Nc6 8. c3 0-0 9. a4 a5 10. h3 f6 11. Re1 fxe5 12. Nxe5 Nxe5 13. dxe5 Bf5 14. Na3 e6 15. Bc2 Qh4 16. Qd4 Qe7 17. Bf4 Bxc2 18. Nxc2 c5 19. Qd2 Nc4 20. Qc1 Rf5 21. g4 Rf7 22. b3 Nb6 23. Bg3 Raf8 24. Ra2 Rf3 25. Na3 Nd7 26. Nb5 c4 27. bxc4 Qc5 28. Nd4 Qxc4 29. Rc2 Nc5 30. Nxf3 Rxf3 31. Qg5 Qxa4 32. Ree2 Qd7 33. Kg2 Rd3 34. Qc1 a4 35. Qb1 Qc6 36. Kh2 Nb3 37. Re3 Rxe3 38. fxe3 b5 39. h4 Qc4 40. Bf4 Qe4 41. Rb2 Qf3 42. Qd3 Qxg4 43. Qxb5 Qxh4+ 44. Kg2 Qg4+ 45. Kh2 Qh4+ 46. Kg2 Qg4+ 47. Kh2 Qh4+ 48. Kg2 1/2-1/2

[Event "Bassano del Grappa Vergani Cup"]
[Site "Bassano del Grappa"]
[Date "2023.02.01"]
[Round "1"]
[White "Urbani, Gabriel"]
[Black "Sebenik, Matej"]
[Result "0-1"]
[WhiteElo "2166"]
[BlackElo "2540"]
[PlyCount "120"]
[EventDate "2023.02.01"]
[EventType "swiss"]
[EventRounds "9"]
[EventCountry "ITA"]
[SourceTitle "CBM 212 Extra"]
[Source "ChessBase"]
[SourceDate "2023.03.31"]
[SourceVersion "1"]
[SourceVersionDate "2023.03.31"]
[SourceQuality "1"]

1. e4 e6 2. d4 d5 3. e5 c5 4. c3 Nc6 5. Nf3 Bd7 6. Be2 Nge7 7. a3 Rc8 8. b4 cxd4 9. cxd4 Nf5 10. 0-0 Be7 11. Bb2 0-0 12. Nc3 f6 13. Rc1 Be8 14. h3 a6 15. Re1 fxe5 16. dxe5 Bg6 17. Na4 Bg5 18. Ra1 Bh6 19. Nc5 Qe7 20. Bc1 a5 21. Bxh6 Nxh6 22. Nd4 Nxd4 23. Qxd4 Nf5 24. Qd2 Nh4 25. Bg4 Bf5 26. Rac1 axb4 27. axb4 b6 28. Nb3 Rxc1 29. Rxc1 Bxg4 30. hxg4 Ng6 31. Nd4 Nxe5 32. Re1 Nc4 33. Qe2 e5 34. Nc6 Qf6 35. Nxe5 Nxe5 36. Qxe5 Qxf2+ 37. Kh1 Kh8 38. Rd1 Qh4+ 39. Kg1 Qxg4 40. Rd4 Qf5 41. Qxd5 h5 42. Qxf5 Rxf5 43. Kh2 Rg5 44. Kg1 Kg8 45. Kf2 Kf7 46. Rd6 Rb5 47. Rd4 Ke6 48. Ke3 Re5+ 49. Kf3 g5 50. Rd8 Rb5 51. Rd4 Rd5 52. Re4+ Kf5 53. Rc4 Rd3+ 54. Ke2 Rb3 55. Kf2 Ke5 56. g3 Kd5 57. Rc7 Rb2+ 58. Ke3 Rxb4 59. Rh7 h4 60. Rh5 Rb3+ 0-1

[Event "Palmanova op 11th"]
[Site "Palmanova"]
[Date "2022.12.09"]
[Round "3"]
[White "Titze, Leo"]
[Black "Urbani, Gabriel"]
[Result "1-0"]
[WhiteElo "2252"]
[BlackElo "2138"]
[PlyCount "119"]
[EventDate "2022.12.08"]
[EventType "swiss"]
[EventRounds "6"]
[EventCountry "ITA"]
[SourceTitle "CBM 211 Extra"]
[Source "ChessBase"]
[SourceDate "2023.01.31"]
[SourceVersion "1"]
[SourceVersionDate "2023.01.31"]
[SourceQuality "1"]

1. d4 d5 2. c4 e6 3. Nf3 Nf6 4. g3 dxc4 5. Bg2 Bd7 6. 0-0 Bc6 7. Bg5 Be7 8. Qc1 Nbd7 9. Nbd2 h6 10. Bxf6 Nxf6 11. Nxc4 0-0 12. Rd1 Bd5 13. Nce5 c6 14. e3 Rc8 15. Nd3 Qb6 16. Nc5 Bxc5 17. dxc5 Qc7 18. b4 Rfd8 19. Qb2 Be4 20. Ne5 Rxd1+ 21. Rxd1 Rd8 22. Rd4 Bxg2 23. Kxg2 Rd5 24. Nc4 Ne8 25. e4 Rd7 26. Qd2 Nf6 27. f3 e5 28. Rd6 Re7 29. Ne3 Rd7 30. Nc4 Re7 31. a4 Kh7 32. Qd3 Kg8 33. a5 Re8 34. h4 Re7 35. Qd2 Kh7 36. Qd3 Kg8 37. Qd1 Kh7 38. Qa4 Rd7 39. a6 Rxd6 40. cxd6 Qd7 41. axb7 Qxb7 42. Nxe5 Qb6 43. Nxc6 Qe3 44. Qc2 Nd7 45. h5 g6 46. hxg6+ fxg6 47. Qa2 Kg7 48. Qxa7 Qd2+ 49. Qf2 Qxd6 50. Qd4+ Qxd4 51. Nxd4 Kf6 52. f4 Nb6 53. Kf3 Na4 54. e5+ Ke7 55. Ke4 Kd7 56. f5 gxf5+ 57. Kxf5 Nb6 58. Kg6 Nc4 59. Kf6 Nb6 60. e6+ 1-0

[Event "Palmanova op 11th"]
[Site "Palmanova"]
[Date "2022.12.08"]
[Round "1"]
[White "Budai, Federico"]
[Black "Urbani, Gabriel"]
[Result "1/2-1/2"]
[WhiteElo "1734"]
[BlackElo "2138"]
[PlyCount "167"]
[EventDate "2022.12.08"]
[EventType "swiss"]
[EventRounds "6"]
[EventCountry "ITA"]
[SourceTitle "CBM 211 Extra"]
[Source "ChessBase"]
[SourceDate "2023.01.31"]
[SourceVersion "1"]
[SourceVersionDate "2023.01.31"]
[SourceQuality "1"]

1. e4 e5 2. Nf3 Nc6 3. Bc4 Bc5 4. c3 Nf6 5. d3 a5 6. a4 d6 7. h3 Ba7 8. Nbd2 0-0 9. 0-0 Ne7 10. Re1 Ng6 11. Nf1 h6 12. Bb3 Nh5 13. d4 Qf6 14. Ne3 Nhf4 15. Nd5 Nxd5 16. Bxd5 c6 17. Bb3 Re8 18. Qd3 Nf4 19. Bxf4 Qxf4 20. Rad1 Bb6 21. g3 Qf6 22. Kg2 g6 23. Ng1 Be6 24. Bxe6 Qxe6 25. Qe3 d5 26. exd5 Qxd5+ 27. Qe4 Qxe4+ 28. Rxe4 exd4 29. Rxe8+ Rxe8 30. cxd4 Re4 31. Nf3 Kf8 32. Rd3 Ke7 33. Rb3 Bxd4 34. Nxd4 Rxd4 35. Rxb7+ Rd7 36. Rb6 Kd6 37. Ra6 Rb7 38. Rxa5 Rxb2 39. Ra7 Ke6 40. Rc7 Rb6 41. Kf3 Ra6 42. Ke3 f6 43. Kd3 Kf5 44. f3 h5 45. Ke3 g5 46. g4+ hxg4 47. hxg4+ Ke6 48. a5 Kd5 49. Rd7+ Ke5 50. Re7+ Kd6 51. Rf7 Ke6 52. Rc7 f5 53. Rc8 fxg4 54. fxg4 Kd7 55. Rg8 Rxa5 56. Rg6 Kc7 57. Kd3 Kb6 58. Kc3 Rd5 59. Kc4 Re5 60. Kd4 Rd5+ 61. Kc4 Ra5 62. Kc3 Rc5+ 63. Kb4 Re5 64. Kc4 Rc5+ 65. Kd4 Rd5+ 66. Kc3 Kb5 67. Rg8 c5 68. Rg6 Re5 69. Rg8 Kc6 70. Kd3 Rd5+ 71. Kc3 Kd6 72. Rg6+ Ke7 73. Kc4 Rd4+ 74. Kxc5 Rxg4 75. Kd5 Kf7 76. Ra6 Rf4 77. Ke5 Rf1 78. Rb6 Kg7 79. Rc6 Rf7 80. Rb6 Kh7 81. Ra6 g4 82. Ra4 Rg7 83. Kf4 g3 84. Ra1 1/2-1/2

[Event "Wch U20 59th"]
[Site "Cala Gonone"]
[Date "2022.10.21"]
[Round "10"]
[White "Guz, Ari"]
[Black "Urbani, Gabriel"]
[Result "1-0"]
[WhiteElo "2305"]
[BlackElo "2129"]
[PlyCount "51"]
[EventDate "2022.10.12"]
[EventType "swiss"]
[EventRounds "11"]
[EventCountry "ITA"]
[SourceTitle "CBM 210 Extra"]
[Source "ChessBase"]
[SourceDate "2022.11.30"]
[SourceVersion "1"]
[SourceVersionDate "2022.11.30"]
[SourceQuality "1"]

1. d4 d5 2. Nc3 Nf6 3. Bf4 e6 4. Nb5 Na6 5. e3 c6 6. Nc3 Qb6 7. Rb1 Be7 8. Nf3 0-0 9. Be2 c5 10. 0-0 c4 11. Ne5 Nd7 12. e4 Nxe5 13. Bxe5 Qc6 14. Bf3 Rd8 15. Re1 Bf8 16. Qd2 b5 17. exd5 exd5 18. Bxg7 Bxg7 19. Nxd5 Rxd5 20. Bxd5 Qxd5 21. Re8+ Bf8 22. Qh6 Qxg2+ 23. Kxg2 Bb7+ 24. Kh3 Rxe8 25. Rg1+ Kh8 26. Qf6+ 1-0

[Event "Wch U20 59th"]
[Site "Cala Gonone"]
[Date "2022.10.15"]
[Round "5"]
[White "Urbani, Gabriel"]
[Black "De Ieso, Lorenzo"]
[Result "1-0"]
[WhiteElo "2129"]
[BlackElo "1938"]
[PlyCount "69"]
[EventDate "2022.10.12"]
[EventType "swiss"]
[EventRounds "11"]
[EventCountry "ITA"]
[SourceTitle "CBM 210 Extra"]
[Source "ChessBase"]
[SourceDate "2022.11.30"]
[SourceVersion "1"]
[SourceVersionDate "2022.11.30"]
[SourceQuality "1"]

1. e4 c5 2. Nf3 d6 3. d4 cxd4 4. Nxd4 Nf6 5. Nc3 a6 6. Be2 e5 7. Nb3 Be7 8. Be3 Be6 9. Nd5 Nbd7 10. f3 Nxd5 11. exd5 Bf5 12. 0-0 Bg5 13. f4 exf4 14. Bxf4 Bxf4 15. Rxf4 Bg6 16. c4 0-0 17. Qd4 Rc8 18. Raf1 Nf6 19. Nd2 Re8 20. Bd3 Bxd3 21. Qxd3 Qb6+ 22. Kh1 Qe3 23. Qxe3 Rxe3 24. Rd4 Re2 25. Kg1 Ng4 26. Ne4 Ne3 27. Nxd6 Rc7 28. Re4 h6 29. Rf3 Rxg2+ 30. Kh1 Rg6 31. Ne8 Rxc4 32. Rfxe3 Rc2 33. Re2 Rc8 34. d6 Rd8 35. Nf6+ 1-0

[Event "Wch U20 59th"]
[Site "Cala Gonone"]
[Date "2022.10.13"]
[Round "3"]
[White "Urbani, Gabriel"]
[Black "Raahul, VS."]
[Result "1/2-1/2"]
[WhiteElo "2129"]
[BlackElo "2333"]
[PlyCount "182"]
[EventDate "2022.10.12"]
[EventType "swiss"]
[EventRounds "11"]
[EventCountry "ITA"]
[SourceTitle "CBM 210 Extra"]
[Source "ChessBase"]
[SourceDate "2022.11.30"]
[SourceVersion "1"]
[SourceVersionDate "2022.11.30"]
[SourceQuality "1"]

1. e4 e5 2. Nf3 Nc6 3. Bb5 g6 4. c3 d6 5. d4 Bd7 6. 0-0 Bg7 7. Be3 Nf6 8. Nbd2 Qe7 9. Re1 0-0 10. Bd3 Nh5 11. d5 Nd8 12. c4 c5 13. dxc6 bxc6 14. b4 Ne6 15. Rc1 c5 16. bxc5 dxc5 17. Nb1 Nd4 18. Nc3 Nf6 19. Bxd4 exd4 20. Nd5 Qd8 21. Nd2 Be6 22. Nb3 Rc8 23. h3 Nh5 24. Qd2 Be5 25. f4 Bxd5 26. fxe5 Ba8 27. Be2 Ng7 28. Bg4 Rc6 29. Rb1 Qe7 30. Qf4 Ra6 31. Rb2 Rb6 32. Rf2 h5 33. Bd1 Re6 34. Bc2 Rxe5 35. Nd2 g5 36. Qg3 f5 37. Ref1 f4 38. Qa3 h4 39. Rb1 Bc6 40. Rf3 Nh5 41. Rfb3 Ng3 42. Rb8 Rxb8 43. Rxb8+ Kg7 44. Qa5 Bxe4 45. Bxe4 Nxe4 46. Nxe4 Rxe4 47. Qa6 Re1+ 48. Kh2 f3 49. Rb7 f2 50. Rxe7+ Rxe7 51. Qd6 f1Q 52. Qxe7+ Kg6 53. Qxc5 Qf4+ 54. Kh1 d3 55. Qc6+ Qf6 56. Qe4+ Qf5 57. Qe8+ Kf6 58. Qc6+ Ke7 59. Qc7+ Qd7 60. Qc5+ Kf6 61. Qf2+ Kg6 62. Qd2 Kf5 63. c5 Ke4 64. Qb4+ Qd4 65. Qb7+ Qd5 66. Qb4+ Ke3 67. Qe1+ Kd4 68. Qg1+ Kc4 69. c6 d2 70. c7 Qc6 71. Qb1 Kd4 72. Qb2+ Kd3 73. Qa3+ Kc2 74. Qb3+ Kc1 75. Qa3+ Kd1 76. Qf3+ Qxf3 77. gxf3 Ke2 78. c8Q d1Q+ 79. Kh2 Qd2 80. Kh1 Qe1+ 81. Kh2 Kf1 82. Qg4 Qf2+ 83. Kh1 Qg3 84. Qc4+ Kf2 85. Qc2+ Kxf3 86. Qd3+ Kf4 87. Qd4+ Kf5 88. Qd5+ Qe5 89. Qf7+ Ke4 90. Qxa7 Qd5 91. Qf2 Kd3+ 1/2-1/2